Countries Captain America has visited - Statistics

General Stats
  • This quiz has been taken 56 times
    50 since last reset
  • The average score is 8 of 12
Answer Stats
Continent Country % Correct
Asia/ Europe Russia
93%
Europe Germany
90%
Europe United Kingdom
90%
North America United States of America
88%
Europe Italy
75%
Europe Austria
63%
Africa South Africa
60%
Africa Wakanda
55%
Africa Nigeria
40%
Asia South Korea
40%
Europe Romania
35%
Europe Sokovia
35%
No matching quizzes found
Score Distribution
Percent of People with Each Score
Percentile by Number Answered
Your Score History
You have not taken this quiz since the last reset